Moons to Planet Click Quiz - Statistics

General Stats
  • This quiz has been taken 57 times
  • The average score is 14 of 22
Answer Stats
Hint Answer % Correct
Ganymede 3. Jupiter
92%
Moon 1. Earth
87%
Callisto 3. Jupiter
82%
Io 3. Jupiter
82%
Deimos 2. Mars
79%
Europa 3. Jupiter
79%
Phobos 2. Mars
71%
Titan 4. Saturn
71%
Enceladus 4. Saturn
63%
Iapetus 4. Saturn
61%
Rhea 4. Saturn
58%
Oberon 5. Uranus
58%
Miranda 5. Uranus
58%
Triton 6. Neptune
58%
Nereid 6. Neptune
58%
Dione 4. Saturn
55%
Ariel 5. Uranus
55%
Phoebe 4. Saturn
53%
Titania 5. Uranus
50%
Proteus 6. Neptune
45%
Himalia 3. Jupiter
39%
Amalthea 3. Jupiter
39%
No matching quizzes found
Score Distribution
Percent of People with Each Score
Percentile by Number Answered
Your Score History
You have not taken this quiz